Click the American Country on a Borderless Map - Statistics

General Stats
  • This quiz has been taken 1,189 times
  • The average score is 26 of 35
Answers on the Map
Answers color-coded by a green-red scale on the quiz's map according to % correct below.
 
Answer Stats
Answer % Correct
Brazil
87%
Canada
87%
Mexico
87%
United States
87%
Argentina
86%
Chile
86%
Colombia
85%
Cuba
85%
Dominican Republic
84%
Jamaica
83%
Panama
83%
Venezuela
83%
Bahamas
82%
Peru
82%
Haiti
80%
Ecuador
78%
Bolivia
77%
Uruguay
77%
Paraguay
74%
Belize
73%
Guyana
73%
Costa Rica
72%
Guatemala
72%
Honduras
72%
Suriname
70%
Trinidad and Tobago
70%
Nicaragua
69%
El Salvador
68%
Saint Lucia
63%
Barbados
62%
Antigua and Barbuda
58%
Dominica
58%
Saint Kitts and Nevis
58%
Saint Vincent and the Grenadines
57%
Grenada
55%
No matching quizzes found
Score Distribution
Percent of People with Each Score
Percentile by Number Answered
Your Score History
You have not taken this quiz